|
|
|
|
| LEADER |
00000nab a2200000 a 4500 |
| 001 |
vtls000181580 |
| 003 |
SK-MaSNL |
| 005 |
20260302202010.0 |
| 008 |
220422c1984 xo 0 slo |
| 015 |
|
|
|a SNBRB19rr/mm-uuuuu
|
| 035 |
|
|
|a CL0191693
|
| 040 |
|
|
|a SNKBUCL
|b slo
|c SNKBUCL
|e AACR2
|
| 041 |
0 |
|
|a slo
|
| 044 |
|
|
|a xo
|c SK
|
| 080 |
|
|
|a 616-053.2:061.3
|2 1981
|
| 080 |
|
|
|a 061.3
|2 1981
|
| 100 |
1 |
|
|a Getlík, Andrej,
|d 1916-1990
|4 aut
|9 202734
|
| 245 |
1 |
0 |
|a Štvrté sympózium klinickej imunológie a alergológie (Budapešť, 1982)
|c A. Getlík
|
| 650 |
0 |
7 |
|a klinická imunológia
|2 SNKPH
|9 64692
|
| 650 |
0 |
7 |
|a klinická alergológia
|2 SNKPH
|9 861080
|
| 655 |
|
7 |
|a články z novín a časopisov
|2 SNK
|9 267496
|
| 773 |
0 |
|
|t Československá pediatrie
|g Roč. 39, č. 4 (1984), s. 242-245
|
| 850 |
|
|
|a Slovenská národná knižnica v Martine
|a MTA001
|
| 852 |
|
|
|a SNK
|b KIS3GCP
|
| 958 |
|
|
|a RK
|
| 958 |
|
|
|a ME
|
| 958 |
|
|
|a HU
|
| 992 |
|
|
|a RBX
|
| 999 |
|
|
|c 1463030
|d 1464960
|